Statistics for Country Names with letters of 'Democratic Republic of the Congo'

Click here to take the quiz!

General Stats

  • This quiz has been taken 256 times
    (236 since last reset)
  • The average score is 18 of 39

Answer Stats

Democratic Republic of the Congo% Correct
Republic of the Congo
73%
Peru
72%
Democratic Republic of the Congo
70%
Chile
62%
China
62%
India
62%
Iran
61%
Togo
61%
Oman
60%
Cuba
56%
Chad
55%
Tonga
54%
France
53%
Ireland
52%
Mali
52%
Niger
52%
Iceland
51%
Nigeria
51%
Gabon
49%
Greece
47%
Haiti
45%
Dominica
43%
Poland
43%
Guinea
41%
Morocco
41%
Bhutan
39%
Eritrea
39%
Colombia
38%
Ecuador
38%
Brunei
37%
Nepal
37%
Portugal
37%
Monaco
36%
Cameroon
35%
Belgium
34%
Liberia
31%
Ethiopia
30%
Mongolia
28%
Burma
19%

Score Distribution

Percentile by Number Answered

Percent of People with Each Score

Your Score History

You have not taken this quiz since the last reset